পরিবর্তনশীল বিশ্বে আন্তর্জাতিক আইন : (Record no. 2226)
[ view plain ]
| 000 -LEADER | |
|---|---|
| fixed length control field | 00768nam a2200217Ia 4500 |
| 003 - CONTROL NUMBER IDENTIFIER | |
| control field | BUBTL |
| 008 - FIXED-LENGTH DATA ELEMENTS--GENERAL INFORMATION | |
| fixed length control field | 151213s9999 xx 000 0 und d |
| 020 ## - INTERNATIONAL STANDARD BOOK NUMBER | |
| International Standard Book Number | 9846030104 |
| 082 ## - DEWEY DECIMAL CLASSIFICATION NUMBER | |
| Classification number | 341/ R1293i/ 2003 |
| 100 ## - MAIN ENTRY--PERSONAL NAME | |
| Personal name | রহমান, ড. মিজানুর |
| 9 (RLIN) | 5271 |
| 245 ## - TITLE STATEMENT | |
| Title | পরিবর্তনশীল বিশ্বে আন্তর্জাতিক আইন : |
| Statement of responsibility, etc. | ড. মিজানুর রহমান |
| 250 ## - EDITION STATEMENT | |
| Edition statement | ১ম সং |
| 260 ## - PUBLICATION, DISTRIBUTION, ETC. (IMPRINT) | |
| Place of publication, distribution, etc. | ঢাকা |
| Name of publisher, distributor, etc. | পল্লব পাবলিশিং |
| Date of publication, distribution, etc. | c2003 |
| 300 ## - PHYSICAL DESCRIPTION | |
| Extent | 256p. : |
| Other physical details | 21 cm. |
| 650 ## - SUBJECT ADDED ENTRY--TOPICAL TERM | |
| Topical term or geographic name as entry element | Law |
| 650 ## - SUBJECT ADDED ENTRY--TOPICAL TERM | |
| Topical term or geographic name as entry element | |
| 700 ## - ADDED ENTRY--PERSONAL NAME | |
| Personal name | ড. মিজানুর রহমান। |
| 9 (RLIN) | 5273 |
| 856 ## - ELECTRONIC LOCATION AND ACCESS | |
| Password | 0 |
| Logon | 0 |
| Link text | Download |
| 942 ## - ADDED ENTRY ELEMENTS (KOHA) | |
| Source of classification or shelving scheme | |
| Koha item type | Books |
| Withdrawn status | Lost status | Source of classification or shelving scheme | Damaged status | Not for loan | Collection code | Permanent location | Current location | Shelving location | Date acquired | Source of acquisition | Inventory number | Total Checkouts | Full call number | Barcode | Date last seen | Copy number | Price effective from | Koha item type |
|---|---|---|---|---|---|---|---|---|---|---|---|---|---|---|---|---|---|---|
| Not For Loan | Non-fiction | Bangladesh University of Business and Technology Library | Bangladesh University of Business and Technology Library | Law Stacks | 07/27/2006 | Purchase | 3136 | 341/ R1293i/ 2003 | BUBTL-20033136 | 03/29/2023 | C-1 | 03/29/2023 | Books | |||||
| Non-fiction | Bangladesh University of Business and Technology Library | Bangladesh University of Business and Technology Library | Law Stacks | 07/29/2006 | Purchase | 3137 | 341/ R1293i/ 2003 | BUBTL-20033137 | 03/29/2023 | C-2 | 03/29/2023 | Books | ||||||
| Non-fiction | Bangladesh University of Business and Technology Library | Bangladesh University of Business and Technology Library | Law Stacks | 09/05/2008 | Purchase | 5988 | 341/ R1293i/ 2003 | BUBTL-20035988 | 03/29/2023 | C-3 | 03/29/2023 | Books | ||||||
| Non-fiction | Bangladesh University of Business and Technology Library | Bangladesh University of Business and Technology Library | Law Stacks | 09/05/2008 | Purchase | 5990 | 341/ R1293i/ 2003 | BUBTL-20035990 | 03/29/2023 | C-4 | 03/29/2023 | Books | ||||||
| Non-fiction | Bangladesh University of Business and Technology Library | Bangladesh University of Business and Technology Library | Law Stacks | 09/05/2008 | Purchase | 5991 | 341/ R1293i/ 2003 | BUBTL-20035991 | 03/29/2023 | C-5 | 03/29/2023 | Books | ||||||
| Non-fiction | Bangladesh University of Business and Technology Library | Bangladesh University of Business and Technology Library | Law Stacks | 09/05/2008 | Purchase | 5994 | 341/ R1293i/ 2003 | BUBTL-20035994 | 03/29/2023 | C-6 | 03/29/2023 | Books | ||||||
| Non-fiction | Bangladesh University of Business and Technology Library | Bangladesh University of Business and Technology Library | Law Stacks | 09/05/2008 | Purchase | 5995 | 341/ R1293i/ 2003 | BUBTL-20035995 | 03/29/2023 | C-7 | 03/29/2023 | Books | ||||||
| Non-fiction | Bangladesh University of Business and Technology Library | Bangladesh University of Business and Technology Library | Law Stacks | 08/18/2010 | Purchase | 8011 | 341/ R1293i/ 2003 | BUBTL-20038011 | 03/29/2023 | C-8 | 03/29/2023 | Books | ||||||
| Non-fiction | Bangladesh University of Business and Technology Library | Bangladesh University of Business and Technology Library | Law Stacks | 08/18/2010 | Purchase | 8012 | 341/ R1293i/ 2003 | BUBTL-20038012 | 03/29/2023 | C-9 | 03/29/2023 | Books | ||||||
| Non-fiction | Bangladesh University of Business and Technology Library | Bangladesh University of Business and Technology Library | Law Stacks | 08/18/2010 | Purchase | 8013 | 341/ R1293i/ 2003 | BUBTL-20038013 | 03/29/2023 | C-10 | 03/29/2023 | Books | ||||||
| Non-fiction | Bangladesh University of Business and Technology Library | Bangladesh University of Business and Technology Library | Law Stacks | 08/18/2010 | Purchase | 8014 | 341/ R1293i/ 2003 | BUBTL-20038014 | 03/29/2023 | C-11 | 03/29/2023 | Books | ||||||
| Non-fiction | Bangladesh University of Business and Technology Library | Bangladesh University of Business and Technology Library | Law Stacks | 08/18/2010 | Purchase | 8015 | 341/ R1293i/ 2003 | BUBTL-20038015 | 03/29/2023 | C-12 | 03/29/2023 | Books | ||||||
| Not For Loan | Non-fiction | Bangladesh University of Business and Technology Library | Bangladesh University of Business and Technology Library | Law Stacks | 03/30/2016 | Purchase | 22212 | 341/ R1293i/ 2003 | BUBTL-200322212 | 03/29/2023 | C-13 | 03/29/2023 | Books | |||||
| Non-fiction | Bangladesh University of Business and Technology Library | Bangladesh University of Business and Technology Library | Law Stacks | 03/30/2016 | Purchase | 22213 | 341/ R1293i/ 2003 | BUBTL-200322213 | 03/29/2023 | C-14 | 03/29/2023 | Books | ||||||
| Non-fiction | Bangladesh University of Business and Technology Library | Bangladesh University of Business and Technology Library | Law Stacks | 03/30/2016 | Purchase | 22214 | 341/ R1293i/ 2003 | BUBTL-200322214 | 03/29/2023 | C-15 | 03/29/2023 | Books | ||||||
| Non-fiction | Bangladesh University of Business and Technology Library | Bangladesh University of Business and Technology Library | Law Stacks | 02/09/2012 | Purchase | 5989 | 341/ R1293i/ 2003 | BUBTL-20035989 | 07/26/2023 | C-16 | 04/05/2023 | Books |
